[Event "Ottawa Winter Open"]
[Site "Ottawa"]
[Date "2017.01.15"]
[Round "5"]
[White "Demchenko, Svitlana"]
[Black "Gordon, David"]
[Result "1/2-1/2"]
[WhiteElo "2086"]
[BlackElo "2310"]
[Annotator "John Upper"]
[PlyCount "66"]
[EventDate "2017.??.??"]
[EventRounds "5"]
[EventCountry "CAN"]

{[%mdl 32768]} 1. d4 Nf6 2. Nf3 c5 3. d5 e6 4. c4 exd5 5. cxd5 d6 6. Nc3 Nbd7
$5 {[#] An unusual Benoni move-order, which can help if White goes for an
early Nd2-c4, but rules out an equalizing option after 7.e4 then ...Bg4.} 7. e4
g6 8. Bd3 (8. h3 Bg7 9. Bd3 O-O 10. O-O Qe7 11. Re1 Rb8 12. a4 a6 13. Bf4 Ne8
14. Qd2 Nc7 15. Bf1 Rd8 16. Rad1 Ne8 17. Bg5 f6 18. Be3 Ne5 19. Nxe5 fxe5 20.
a5 b5 21. axb6 Rxb6 $14 {1-0 (59) Borovikov,V (2595)-Kononenko,D (2430) Rivne
2005}) (8. Bf4 Nh5 9. Bg5 Be7 10. Bh6 Bf8 11. Be3 a6 12. a4 Bg7 13. Be2 O-O 14.
O-O Re8 15. Nd2 $14 {1-0 (46) Aleksandrov,A (2604)-Idrisov,T (2262) Nakhchivan
2012}) 8... a6 9. a4 Bg7 10. Bf4 (10. O-O O-O 11. h3 h6 12. Re1 g5 $1 13. Ne2
g4 $1 14. hxg4 Nxg4 15. Ng3 Nde5 16. Be2 f5 17. exf5 Bxf5 18. Nxf5 Rxf5 19. Rf1
$14 {1-0 (31) Psakhis,L (2605)-Manor,I (2475) Israel 1992}) 10... Qe7 {Natural,
but Black might be able to develop without protecting the d6-pawn.} (10... Ng4
$5 11. Bxd6 $140 $6 Qb6 $132 12. e5 Ndxe5 13. Bxe5 Nxe5 14. Nxe5 {and Black
has model dark-square play after either} Qxb2 $5 ({or} 14... Bxe5 15. Qe2 Qf6
$15 16. Ne4 Qd8 17. Nxc5 O-O)) 11. O-O O-O 12. h3 {The game has transposed to
a common position. If White has to play this (to keep the B on the h2-d6
diagonal when Black plays ...Nh5) then the early ...Nbd7 is just fine.} Rb8 (
12... Nh5 13. Bh2 Bh6 14. Re1 Bf4 (14... f6 15. a5 Ne5 16. Na4 Bf4 17. Nb6 Rb8
18. Bf1 $14 {0-1 (34) Piket,J (2615)-Romanishin,O (2595) Manila 1992}) 15. g3
Bh6 16. Bf1 Ne5 17. Nxe5 Qxe5 18. f4 Qd4+ 19. Kg2 Qb4 20. Qd2 f5 21. e5 $6 (21.
exf5 Bxf5 $14) 21... dxe5 22. Rxe5 Bg7 $13 {1-0 (44) Shirov,A (2675)-Dubov,D 
(2629) Moscow 2014}) 13. a5 $146 Ne8 14. Qb3 b5 15. axb6 Rxb6 {[#] The
position of Black's Rb6 could almost stand for the whole Benoni opening: it's
precarious but dynamic. It is lost if White can organize central play (Nc4 or
e4-e5) but makes up for it with counter-attacking chances on the dark squares.
It might be worth mentioning that with White pawns on d5, e4 and h3 all
covering light-squares, Black must either aim for piece play on the dark
squares, or a pawn break on the light squares (with ...f5). Count how many of
Black's next moves are on the dark squares.} 16. Qc2 Ne5 17. Bxe5 Bxe5 18. Nxe5
Qxe5 19. Ra2 {Both players now aim their Ns at their best squares (c4 and d4).}
Nc7 20. Nd1 Nb5 (20... f5 $5 {would be a different way to play, developing the
Rf8 and trying to make the d5-pawn a target.} 21. Ne3 fxe4 22. Bxe4 Rb4 $13)
21. Ne3 Nd4 22. Qd1 (22. Nc4 Nxc2 23. Nxe5 Nb4 24. Nc4 $8 Rb8 25. Ra3 Nxd3 $1
26. Rxd3 a5 27. Ra1 Ba6 $11) 22... Qg5 23. Kh2 (23. f4 $6 Qg3 $36 24. Qe1 $4
Nf3+ $19) 23... Rb3 24. f4 Qh4 25. Qd2 Re8 26. Nc4 $13 {[#]} (26. Ra3 $11)
26... Bxh3 $3 {The Bc8 had been developed the whole time! Of course, this line
requires lots of correct caluculation, but the clue to finding it comes from
Vukovic's "Art of Attack in Chess", which said something like: when your
pieces control one colour complex, sacrifice on the other colour so you can
attack on both.} 27. gxh3 Rxe4 $1 {The point: Black not only gets a second
pawn, but threatens ...Re2+, which brings the Rb3 into play.} 28. Bxe4 $4 (28.
Nxd6 $2 Re2+ $1 $19) (28. Ne3 $142 Rxf4 $2 (28... Re8 $17 {threatening ...c4.
Black has two pawns, and an attack for the piece.}) 29. Ng2 $8 Rxd3 $1 30. Qxd3
$8 Rf2 $8 31. Rxa6 (31. Rxf2 Qxf2 32. Ra3 $1) 31... Qf4+ $6 32. Kg1 Ne2+ $140
$2 33. Qxe2 $18) (28. Ra3 $142 $1 $11 Re2+ $8 (28... Ne2 $2 29. Qe1 $8 $18) 29.
Bxe2 $8 (29. Qxe2 $2 Nxe2 30. Bxe2 Qxh3+ 31. Kg1 Qg3+ 32. Kh1 Rxa3 33. bxa3 {
White has more pieces and they are very well coordinated, but her K is exposed
and h5-h4-h3 will break their coordination.} h5 34. Rf3 Qe1+ 35. Bf1 Qe4 $19)
29... Qg3+ 30. Kh1 Qxh3+ 31. Kg1 Qg3+ $11) 28... Rxh3+ $8 $19 (28... Qxh3+ $4
29. Kg1 Rg3+ 30. Bg2 $18) 29. Kg1 Qg3+ $8 30. Bg2 (30. Qg2 Ne2#) 30... Qh2+ $8
31. Kf2 Qg3+ $11 {Black needed only a draw to clinch first place, but would
have enjoyed his tournament more if he had found:} (31... Rg3 $1 $18 32. Ne3 (
32. Rg1 Rf3+ $1 33. Ke1 Qxg1+ 34. Bf1 Qxf1#) 32... Rf3+ $1 33. Ke1 Rxe3+ $8 34.
Qxe3 (34. Kd1 Re2 $19) 34... Nc2+ $8 35. Kd2 Nxe3 36. Kxe3 Qxg2 37. Rd1 h5 $19
{[%csl Yb2,Yd5,Ye3,Yf4,Gh5][%cal Gh5h1]}) 32. Kg1 Qh2+ 33. Kf2 Qg3+ $2 $11
1/2-1/2

[Event "Hart House Reading Week Open"]
[Site "Toronto"]
[Date "2017.02.19"]
[Round "3"]
[White "Yang, Kaiqi"]
[Black "Plotkin, Victor"]
[Result "1-0"]
[WhiteElo "2432"]
[BlackElo "2401"]
[Annotator "John Upper"]
[PlyCount "156"]
[EventDate "2017.??.??"]
[EventType "swiss"]
[EventRounds "5"]
[EventCountry "CAN"]

{[%mdl 32768] IM Kaiqi Yang won the 2017 Hart House Reading Week Open with 5.5/
6 -- TPR of 2714! -- conceding a draw only to IM Nikolay Noritsyn, who was
clear second with 5/6. Yuanchen Zhang held Noritsyn to a draw in the final
round to finish 3rd with 4/6. Others: IM Tomas Krnan3.5/6; IM Peter Vavrak 3/6
http://chess.ca/crosstable?tournament_check_number=201702086} 1. c4 Nf6 2. Nc3
e6 3. d4 d5 4. Nf3 c6 5. e3 Nbd7 {[#]} 6. Qc2 {The most popular anti-Meran
move. The Q goes to a useful square without conceding a tempo to Black after
Bd3 dxc4.} (6. Bd3 dxc4 7. Bxc4 b5 {is the start of the very complicated Meran
variation of the semi-Slav. Black's resources seem to be at least enough for
equality, and so 6.Qc2 has actually become the main move among top players,
with only Mamedyarov showing a clear preference for Bd3.}) 6... Be7 {This is
not the most popular, but it has been played by Kortchnoi, Vallejo Pons, and
other 2600+ GMs. Pros: it's less exposed to attack than on d6 (from e4-e5, or
cxd5 then Nb5). Cons: It doesn't help support ...e5, it occupies a decent
square for Black's Q, and (as we'll see in this game) it can be exposed on the
e-file after e3-d4 and d4-d5!} (6... Bd6 {is far-and-away the main move; it and
}) (6... a6 {and}) (6... b6 {all score better than Be7.}) 7. b3 O-O 8. Bd3 b6 {
[#]} 9. e4 $5 {Before playing this thematic break White usually castles and
plays Bb2... but maybe there's no need to prepare it when Black is so far from
being able to strike back in the center!?} ({Here are some examples of more
typical play by White:} 9. O-O Bb7 10. Bb2 c5 $1 11. Qe2 Rc8 12. Rac1 (12. Rfd1
cxd4 13. exd4 Qc7 14. Nb5 Qb8 15. Ne5 Rfd8 16. f4 Nf8 $11 {(0-1, 39) Sambuev,B
(2523)-Zhigalko,S (2667) Istanbul Ol, 2012.}) 12... Qc7 (12... Bd6 13. Rfd1 Qe7
14. cxd5 Nxd5 15. Ne4 cxd4 16. Nxd6 Qxd6 17. Nxd4 $14 {White has the Bishop
pair on a semi-open board; Weiss,M-Schlechter,C Vienna, 1896.}) 13. Rfd1 Qb8
14. cxd5 Nxd5 15. Nxd5 Bxd5 16. Bb5 Rfd8 17. e4 Bb7 18. d5 $1 exd5 (18... Nf8
19. dxe6 $14 fxe6 (19... Nxe6 20. Bd7 $16) 20. Be5 Qa8 21. Qb2 $16) 19. exd5
Bd6 20. Qe4 Nf8 $14 {White has more space, and eventually squeezed out some
concessions from Black in Spraggett,K (2571)-Santos,A (2326) Figueira da Foz,
2010.}) 9... dxe4 10. Nxe4 Bb7 11. Bb2 h6 $146 (11... Nxe4 12. Bxe4 Nf6 13. Bd3
c5 14. dxc5 Bxc5 15. Rd1 Bb4+ 16. Kf1 Qe7 (16... Kh8 17. Bxh7 $14) 17. Bxf6 $1
Qxf6 18. Bxh7+ Kh8 19. Be4 Bxe4 20. Qxe4 Rad8 21. Rxd8 Rxd8 22. g3 $16 Rd1+ 23.
Kg2 Rxh1 24. Kxh1 $16 {In Adamski,J (2410)-Georgievski,V (2320) Rzeszow, 1980,
Black has only a little development for the pawn, since the following tactic
doesn't work:} Qa1+ $2 25. Kg2 Qxa2 26. Ng5 $1 $18 {with a forced mate.}) 12.
O-O-O $5 {[#] Unusual. White normally castles short, as you can see from the
games embedded above. But unless Black can force open the b or c-files, the
white K isn't in much danger; and Black's Bs don't make much of an impression.
On the other hand, Black's Ph6 gives White a hook to aim at, and his two Bs
are already pointed at the Black K.} Qc7 (12... b5 $5 {is the obvious way to
create some play, when} 13. c5 {concedes d5 but still seems to keep an
advantage:} b4 {trying to force open the a-file, but it looks like White is
faster; e.g.} (13... Nd5 14. a3 {this keeps the queenside files closed.
Computers prefer Black, but I'm not so sure.}) 14. Nxf6+ Nxf6 15. g4 $5 {
and White has the initiative.}) 13. Rhe1 a5 14. a3 Rfd8 15. Kb1 {[%mdl 64] [#]
Critical Position ...c5 or ...Nxe4} c5 $6 (15... Nxe4 $142 16. Bxe4 Nf6 17. Bd3
c5 $13 (17... b5 $13)) 16. d5 $1 {A very strong pawn sac.} exd5 17. Nc3 $1 (17.
cxd5 Bxd5 18. Ned2 (18. Nd4 $5) 18... Bf8 $15 {and Black's play against the
White King should come first.}) 17... dxc4 $2 (17... d4 $4 18. Nb5 {and the Q
and Be7 are hanging.}) (17... Bd6 18. cxd5 {gives White a space and
development advantage, since the d5-pawn can't be taken:} Nxd5 $4 19. Nxd5 Bxd5
20. Bh7+ $18 {winning the exposed Bd5.}) 18. Bxc4 {[#] If Black's Rs were on
e8 and d8 then the position would be balanced, but where they are now Black's
position may already be beyond saving!} Bxf3 $1 (18... Bf8 $2 19. Qg6 $1 $18) (
18... Nf8 $2 19. Rxd8 Rxd8 20. Ne5 $18 {wins f7 and the game; e.g.} Nd5 (20...
Ne6 21. Nxf7 $18) 21. Nxf7 $8 Kxf7 22. Nxd5 Bxd5 23. Qf5+ $18 {material will
be equal for one ply, then Black will have to give up the exchange to save
himself from the light-square attack.}) 19. gxf3 Nf8 20. Nd5 Nxd5 21. Bxd5 {[#]
} Rxd5 $8 (21... Rac8 $2 22. Rg1 $18 {Black's kingside is toast:} Ne6 (22...
Ng6 23. Qxg6 $18) 23. Rxg7+ Nxg7 24. Qc3 $18) 22. Rxd5 $16 {White is up an
exchange for a pawn and with more active pieces.} Rd8 23. Qf5 Rxd5 24. Qxd5 Ne6
25. Be5 $1 Qc8 26. f4 g6 {[#]} 27. f5 $1 $18 {Trading a doubled pawn to
degrade Black's kingside and open another file for the R.} gxf5 28. Bb2 Qc7 29.
Qxf5 Qxh2 30. Qf3 Qh4 31. Rg1+ Kf8 32. Rh1 Qg5 33. Qa8+ Bd8 34. Rd1 h5 35. f4
Qh4 36. Ka2 Ke8 37. Qc6+ {[#] Materially, Black is ahead, with NPP for the R,
but his K is so exposed that there's no way to save the game. In fact, almost
1/2 of White's next 30 moves are checks, which might indicate time trouble,
but certainly shows who has the initiative. I've included a few notes the
computer rates as improvements, but none of them significantly alter the
evaluation: White is winning.} Kf8 38. Qa8 Ke8 39. Qc6+ Kf8 40. f5 $1 Nd4 $1 (
40... Qg4 $2 41. Qd6+ {defending d1} Be7 42. Qb8+ {[%eval 32764,0]}) 41. Qh6+ (
41. Qd6+ $142 Be7 (41... Ke8 42. Rg1 $18) 42. Qh6+ Ke8 43. Bxd4 cxd4 44. Qh8+
$1 Bf8 45. Rc1 $1 $18) 41... Ke7 42. Qh8 Bc7 43. Qc8 Qh2 (43... Qg3 $1 44. f6+
$8 $16) 44. Re1+ Kf6 (44... Be5 $142) 45. Qh8+ $1 Kxf5 46. Qh7+ Kf6 47. Qh6+
Kf5 48. Qh7+ Kf6 49. Rf1+ Bf4 50. Qh6+ Kf5 51. Qxb6 Ne6 52. Qb7 $1 (52. Qxa5 $2
Qe2 $1 53. Re1 Qf2 {and the h-pawn gives Black some hope.}) 52... Kg6 53. Qe4+
Kg5 54. Qd5+ Kg4 55. Qf3+ Kf5 56. Rh1 Qd2 57. Rxh5+ Ng5 58. Qh3+ Ke4 59. Qh1+
Kf5 60. Qh3+ Ke4 61. Qh1+ Kf5 62. Qf1 Kg6 $1 63. Rh1 Be5 64. Qc1 {[#]If
Black's K was on e4 then the following exchanges would give decent drawing
chances; but so far back it can't support the f-pawn or the weak queenside
pawns.} Qxb2+ 65. Qxb2 Bxb2 66. Kxb2 Ne4 67. Kc2 f5 68. Rg1+ Kf6 69. Kd3 Ke5
70. Rg8 {[#] Stopping the f-pawn (due to Re8+) and preparing to win the a-pawn.
} Kd5 71. Ra8 {If Black's c5 pawn was back on b6 this would probably draw, but
three isolated pawns are two weaknesses too many.} f4 72. Rf8 $1 Nf2+ 73. Ke2
Ng4 74. Rxf4 Ne5 75. Ra4 Nc6 76. Kd2 Nd4 77. Kc3 Nc6 78. Rh4 Ne5 1-0

[Event "Hart House Reading Week Open"]
[Site "Toronto"]
[Date "2017.02.18"]
[Round "2"]
[White "Hua, Eugene"]
[Black "Issani, Nameer"]
[Result "1-0"]
[WhiteElo "2303"]
[BlackElo "2205"]
[Annotator "John Upper"]
[PlyCount "105"]
[EventDate "2017.??.??"]
[EventType "swiss"]
[EventRounds "5"]
[EventCountry "CAN"]

{[%mdl 32768]} 1. c4 e5 2. g3 Nf6 3. Bg2 Nc6 4. Nc3 Bc5 5. Nf3 d6 6. d3 a6 7.
a3 O-O 8. O-O h6 {[#] The opening doesn't promise a tactical slug-fest --
especially not if White continues in the usual way with e2-e3 and Nd2, keeping
all his pieces behind his slowly-advancing pawn wave -- but all the pieces are
still on the board, and both of Black's Bs are pointed at the White K.} 9. h3 (
9. b4 Ba7 10. Bb2 Re8 11. e3 Ne7 12. Nd2 (12. d4) 12... Rb8 13. Nde4 Ng6 14.
Rc1 c6 15. c5 Nxe4 16. Nxe4 d5 17. Nd6 $16 {(0-1, 44) Grischuk,A (2754)
-Carlsen,M (2857) chess.com blitz, 2016.}) 9... Be6 10. b4 Ba7 11. Bb2 (11. e3
Qd7 12. Kh2 Ne7 13. a4 Ng6 14. Nd2 c6 15. Nce4 Ne8 16. c5 $2 d5 17. Nc3 a5 18.
Ba3 axb4 19. Bxb4 f5 {(1-0, 39) Kuljasevic,D (2567)-Valsecchi,A (2407) Skopje,
2014.} (19... d4 $15)) 11... Nh5 12. e3 f5 13. b5 axb5 {[#]} 14. cxb5 (14. Nxb5
$5 {would be an atypical capture -- White's b-pawn push is to dislodge the Nc6
and extend the power of the Bg2 -- but it leaves White with more pawn presence
in the center, and some tempo play against the Ba7; e.g.} Bb6 15. c5 $5 Bxc5
16. d4 Na7 (16... Bb6 17. d5 $16) 17. dxc5 Nxb5 18. a4 $14) 14... Na5 (14...
Ne7 $6 15. Nh4 {attacks h5 and b7.}) 15. Kh2 Nf6 {[#] Black can improve his
position with central play (...Qd7 and ...c6) or a kingside pawn advance, or
both, but I don't see any promising plan for White. It might be objectively
best to sit tight with Ne2, but White lashes out with...} 16. d4 e4 17. Nd2 d5
{Computers hate this move, which has the effect of making all four Bs "bad".}
18. a4 c6 19. Ba3 Rf7 20. bxc6 bxc6 21. Nb3 Nxb3 (21... Nc4 $1 22. Bc5 Bb8 $19
{and suddenly, Black has unstoppable winning threats with ...Nxe3 and ...Ng4+.}
) 22. Qxb3 g5 23. Rfb1 $2 f4 $17 24. Bc5 {[#]} Bb8 $17 (24... f3 $142 $1 25.
Bf1 h5 {Black's pawn storm will tear the roof of White's castle.}) (24... fxg3+
$142 $1 25. fxg3 Bb8 {threatening ...Bxg3+ then ...Qc7+.}) 25. exf4 gxf4 26.
Nxe4 $1 Nxe4 (26... Nh5 $1 27. Qd1 Nxg3 $1 28. Nxg3 fxg3+ 29. fxg3 Bxg3+ $8 $19
) 27. Bxe4 fxg3+ 28. fxg3 Rg7 $1 {[%mdl 64] [#]Critical Position Black is down
a pawn but is threatening g3 and has four pieces pointed at the White K.
Tactically, both LSBs might come off the board (if Black chooses) and White's
Q is currently forced to keep the pin on the d5-pawn.} 29. Rg1 $2 (29. Ra3 $8 {
a preposterous-looking defensive move, but the best available, and keeps the
game alive.} Bxg3+ (29... Rxg3 $4 30. Qxb8 $8 Rxb8 31. Rxg3+ $8 $18) 30. Qxg3
Rxg3 31. Rxg3+ Kh8 $8 $13 {Materially, Black is ahead, but his exposed K and
White's active pieces make it a game.} (31... Kf7 32. Rf1+ $18 {wins the Q for
a R.})) 29... Qc8 $2 {Defends the Be6 and so threatens ...dxe4.} (29... Qh4 $4
30. Qxb8+ $18) (29... Qc7 30. Bc2 $1 $16 {threatens Qe3 (forking e6 and h6)
and with White's a1-R coming to the f-file, now White will have more pieces
pointed at the Black K than vice versa.}) (29... Qg5 $1 {threatens ...Bxh3
then ...Qg4.} 30. Raf1 $8 {threatens Rf8#.} Bc7 {defends f8 and renews the
threat to h3.}) (29... Bc7 $1 $19 {puts the B on a safe square so that ...Qh4
is a killing threat.}) 30. Bf3 Bxh3 $15 31. Qe3 Bf5 32. Rg2 Qd8 33. Kg1 $1 {
Getting off h2 means no check from Black's DSB and no h-file pin after Qxh6.}
Bh3 34. Qxh6 Bxg2 {[#]} 35. Qe6+ $2 (35. Bxg2 $2 Qd7 $8 $19 (35... Bxg3 36.
Qxc6 $13)) (35. Bg4 $3 Rxg4 36. Qe6+ $13 Kh8 37. Qxg4 Be4 38. Rf1 $1 {
threatening Rf8 and Rf7.} Bxg3 $8 39. Qxg3 Qg8 $8 $11) 35... Kh8 $19 36. Bxg2 (
36. Kxg2 Rxg3+ 37. Kf1 Ra7 $19 (37... Rxf3+ $4 38. Ke2 $11)) 36... Bxg3 37. Rf1
Qh4 38. Rf6 Bf4 39. Kf1 {[#]} Rxg2 $4 (39... Rb8 $19) 40. Kxg2 $11 Rg8+ 41. Rg6
$8 Qh2+ 42. Kf3 Qh5+ 43. Rg4 Qh1+ 44. Kxf4 {[#]} Qf1+ $4 (44... Qh2+ $8 $11 45.
Ke3 Qh3+ 46. Kf2 Rxg4 (46... Qxg4 $4 47. Qh6#) 47. Qf6+ Kh7 48. Qf5+ $8 {
and White has a perpetual.}) 45. Ke5 $18 Qe2+ 46. Kf6 $8 (46. Kd6 $2 Rd8+ 47.
Kc7 (47. Ke7 Re8+ $19) 47... Qxe6 48. Rh4+ Kg7 49. Kxd8 Qf6+ 50. Be7 $13) 46...
Qf3+ 47. Qf5 $8 Qxg4 48. Qxg4 $8 Rxg4 49. a5 Rg2 50. a6 Rf2+ 51. Ke6 Kg7 52. a7
Ra2 53. Kd7 1-0